<?xml version="1.0" encoding="UTF-8"?>
<record
    xmlns:xsi="http://www.w3.org/2001/XMLSchema-instance"
    xsi:schemaLocation="http://www.loc.gov/MARC21/slim http://www.loc.gov/standards/marcxml/schema/MARC21slim.xsd"
    xmlns="http://www.loc.gov/MARC21/slim">

  <leader>00605nam a22001697a 4500</leader>
  <controlfield tag="003">OSt</controlfield>
  <controlfield tag="008">260512b        |||||||| |||| 00| 0 eng d</controlfield>
  <datafield tag="020" ind1=" " ind2=" ">
    <subfield code="a">9781800622524</subfield>
  </datafield>
  <datafield tag="082" ind1=" " ind2=" ">
    <subfield code="a">338.1096</subfield>
    <subfield code="b">N99S</subfield>
  </datafield>
  <datafield tag="100" ind1=" " ind2=" ">
    <subfield code="a">Nyagadza, Brighton </subfield>
  </datafield>
  <datafield tag="245" ind1=" " ind2=" ">
    <subfield code="a">Sustainable Agricultural Marketing and Agribusiness Development: An African Perspective/</subfield>
    <subfield code="b">edited by Brighton Nyagadza and  Tanyaradzwa Rukasha </subfield>
  </datafield>
  <datafield tag="260" ind1=" " ind2=" ">
    <subfield code="a">Wallingford ; Chennai</subfield>
    <subfield code="b">: CABI</subfield>
    <subfield code="c">, 2023.</subfield>
  </datafield>
  <datafield tag="300" ind1=" " ind2=" ">
    <subfield code="a">xiv, 201 p.</subfield>
  </datafield>
  <datafield tag="650" ind1=" " ind2=" ">
    <subfield code="a">Economics | Social sciences | Agriculture | Economic aspects</subfield>
  </datafield>
  <datafield tag="700" ind1=" " ind2=" ">
    <subfield code="a"> Rukasha , Tanyaradzwa </subfield>
  </datafield>
  <datafield tag="942" ind1=" " ind2=" ">
    <subfield code="2">ddc</subfield>
    <subfield code="c">BK</subfield>
  </datafield>
  <datafield tag="999" ind1=" " ind2=" ">
    <subfield code="c">50563</subfield>
    <subfield code="d">50563</subfield>
  </datafield>
  <datafield tag="952" ind1=" " ind2=" ">
    <subfield code="0">0</subfield>
    <subfield code="1">0</subfield>
    <subfield code="2">ddc</subfield>
    <subfield code="4">0</subfield>
    <subfield code="7">0</subfield>
    <subfield code="a">RAU</subfield>
    <subfield code="b">RAU</subfield>
    <subfield code="c">GEN</subfield>
    <subfield code="d">2026-05-12</subfield>
    <subfield code="e">Scientific Publishers (India)</subfield>
    <subfield code="g">9632.00</subfield>
    <subfield code="l">0</subfield>
    <subfield code="o">338.1096 N99S</subfield>
    <subfield code="p">87814</subfield>
    <subfield code="r">2026-05-12</subfield>
    <subfield code="w">2026-02-01</subfield>
    <subfield code="y">BK</subfield>
    <subfield code="k">Invoice/SPI/25-26/425</subfield>
  </datafield>
  <datafield tag="952" ind1=" " ind2=" ">
    <subfield code="0">0</subfield>
    <subfield code="1">0</subfield>
    <subfield code="2">ddc</subfield>
    <subfield code="4">0</subfield>
    <subfield code="7">0</subfield>
    <subfield code="a">RAU</subfield>
    <subfield code="b">RAU</subfield>
    <subfield code="c">GEN</subfield>
    <subfield code="d">2026-05-12</subfield>
    <subfield code="e">Scientific Publishers (India)</subfield>
    <subfield code="g">9632.00</subfield>
    <subfield code="l">0</subfield>
    <subfield code="o">338.1096 N99S</subfield>
    <subfield code="p">87815</subfield>
    <subfield code="r">2026-05-12</subfield>
    <subfield code="w">2026-02-01</subfield>
    <subfield code="y">BK</subfield>
    <subfield code="k">Invoice/SPI/25-26/425</subfield>
  </datafield>
</record>
